[Event "XX Carlos Torre Wimbledon"]
[Site "Merida MEX"]
[Date "2007.12.19"]
[Round "1.2"]
[White "Almeida Quintana, O."]
[Black "Gonzalez Garcia, J2."]
[Result "1-0"]
[WhiteElo "2502"]
[BlackElo "2541"]
[PlyCount "109"]
[EventDate "2007.12.19"]
[SourceDate "1999.07.01"]

1. d4 Nf6 2. Nf3 d5 3. c4 e6 4. Nc3 Bb4 5. Bg5 Nbd7 6. cxd5 exd5 7. Rc1 c6 8.
a3 Bd6 9. e3 O-O 10. Bd3 Re8 11. Qc2 Nf8 12. O-O Ng6 13. Rfe1 Be6 14. e4 dxe4
15. Nxe4 Be7 16. Nc5 Bd5 17. Nxb7 Qc7 18. Nc5 Bxf3 19. gxf3 Ng4 20. fxg4 Bxg5
21. Bxg6 Bxc1 22. Bxh7+ Kh8 23. Rxc1 Qf4 24. Be4 Rad8 25. Rd1 Qxg4+ 26. Kf1 Rd6
27. Rd3 Kg8 28. h3 Qf4 29. Rf3 Qh2 30. Qc4 Re7 31. Ke2 Rf6 32. Qd3 Rxf3 33.
Qxf3 Qb8 34. b3 Qb5+ 35. Kd2 Qf1 36. Qf5 g6 37. Qf6 Re8 38. Qxc6 Qxf2+ 39. Kc3
Qe1+ 40. Kc4 Qc1+ 41. Kb5 Rb8+ 42. Ka4 Qe3 43. Qd5 Rb6 44. b4 Rf6 45. Qe5 Rb6
46. d5 Qe2 47. Qd4 Qb5+ 48. Kb3 Rd6 49. Qe5 Rd8 50. d6 Qe2 51. d7 Qd1+ 52. Bc2
Qf3+ 53. Kb2 Qc6 54. Qe7 Qb6 55. Bb3 1-0

[Event "Corsica Masters"]
[Site "Bastia FRA"]
[Date "2007.10.29"]
[Round "1.2"]
[White "Fridman, D2."]
[Black "Mchedlishvili, M."]
[Result "1-0"]
[WhiteElo "2621"]
[BlackElo "2631"]
[PlyCount "103"]
[EventDate "2007.10.29"]
[SourceDate "1999.07.01"]

1. d4 Nf6 2. c4 e6 3. Nf3 d5 4. Nc3 Bb4 5. Bg5 h6 6. Bxf6 Qxf6 7. e3 O-O 8. Qb3
c5 9. a3 Bxc3+ 10. Qxc3 cxd4 11. Qxd4 Qxd4 12. Nxd4 dxc4 13. Bxc4 Bd7 14. Rd1
Rc8 15. Be2 Kf8 16. O-O Ke7 17. f4 a6 18. Rd2 Nc6 19. Nb3 Be8 20. Nc5 Rc7 21.
Rfd1 Rd8 22. b4 Rxd2 23. Rxd2 a5 24. b5 Nb8 25. Ne4 Nd7 26. Nd6 Nb6 27. e4 f6
28. Nxe8 Kxe8 29. Rd6 Na4 30. Rxe6+ Kd8 31. e5 fxe5 32. Rxe5 Rc3 33. b6 Rc5 34.
Re6 Rc6 35. Re5 Rc5 36. Rxc5 Nxc5 37. Bf3 Kc8 38. Kf2 Na4 39. Ke3 Nxb6 40. Kd4
Kc7 41. Kc5 Nd7+ 42. Kd5 b5 43. Ke6 b4 44. axb4 axb4 45. Bd1 Nc5+ 46. Kf7 g5
47. f5 b3 48. Ke7 b2 49. Bc2 Nb3 50. f6 Nd4 51. Bb1 Nc6+ 52. Ke8 1-0

[Event "60th ch-RUS Higher League"]
[Site "Krasnoyarsk RUS"]
[Date "2007.09.10"]
[Round "7"]
[White "Rychagov, A."]
[Black "Zvjaginsev, V."]
[Result "1-0"]
[WhiteElo "2557"]
[BlackElo "2658"]
[PlyCount "115"]
[EventDate "2007.09.03"]
[SourceDate "1999.07.01"]

1. d4 d5 2. c4 e6 3. Nf3 Nf6 4. Nc3 Bb4 5. Bg5 Nbd7 6. cxd5 exd5 7. Qc2 O-O 8.
e3 c5 9. Be2 Qa5 10. O-O c4 11. Nd2 Re8 12. Bh4 Bxc3 13. bxc3 Ne4 14. Nxe4 Rxe4
15. Bg3 Re8 16. Bf3 Nf6 17. a4 Bd7 18. Be5 Ng4 19. Bxg4 Bxg4 20. Rfb1 Qa6 21.
Rb5 Rad8 22. Rab1 Bc8 23. a5 Re7 24. Rc5 Be6 25. h3 f6 26. Bg3 Rc8 27. Rcb5 Qc6
28. R1b2 Bf7 29. R2b4 Rd8 30. Qb2 Rdd7 31. Rc5 Qa6 32. Rc8+ Re8 33. Rc7 Rxc7
34. Bxc7 b6 35. axb6 axb6 36. Rxb6 Qa4 37. Bg3 Ra8 38. Kh2 h5 39. Rb7 Qd1 40.
Rxf7 Ra1 41. Rxg7+ Kxg7 42. Qb7+ Kg6 43. Bh4 Qg1+ 44. Kg3 Ra2 45. Kf3 Qd1+ 46.
Kf4 Qb3 47. Qc8 Qb6 48. Qg8+ Kh6 49. Qh8+ Kg6 50. Qg8+ Kh6 51. g4 hxg4 52. hxg4
Qc7+ 53. Kf3 Qe7 54. Qxd5 Ra1 55. Qxc4 Qb7+ 56. d5 Kg7 57. Qd4 Qf7 58. d6 1-0

[Event "II Int Open"]
[Site "Morelia MEX"]
[Date "2007.02.18"]
[Round "7"]
[White "Cheparinov, I."]
[Black "Mitkov, N1."]
[Result "1-0"]
[WhiteElo "2640"]
[BlackElo "2551"]
[PlyCount "81"]
[EventDate "2007.02.15"]
[SourceDate "1999.07.01"]

1. d4 Nf6 2. c4 e6 3. Nf3 d5 4. Nc3 Bb4 5. cxd5 exd5 6. Bg5 h6 7. Bh4 g5 8. Bg3
Ne4 9. Nd2 Nxc3 10. bxc3 Bxc3 11. Rc1 Bb2 12. Bxc7 Qe7 13. Bd6 Qe6 14. Rb1 Bc3
15. Ba3 Nc6 16. e3 Bxd4 17. Rc1 Bf6 18. Bb5 Be7 19. Bxe7 Kxe7 20. Nb3 Qg4 21.
Qxd5 Qb4+ 22. Ke2 Rd8 23. Qc5+ Qxc5 24. Nxc5 Na5 25. Rc3 b6 26. Na6 Bb7 27. Nc7
Rac8 28. Rhc1 Rd6 29. e4 Rcd8 30. R1c2 Kf8 31. f3 Rd1 32. Ke3 Rb1 33. Be2 Rd7
34. Nb5 Rg1 35. Nd4 Rxg2 36. Rc7 Rd8 37. h3 Rh2 38. Rd2 Rc8 39. Nf5 Re8 40.
Rdd7 Rxh3 41. Rxf7+ 1-0

[Event "Aeroflot Open"]
[Site "Moscow RUS"]
[Date "2007.02.21"]
[Round "8"]
[White "Evdokimov, Alexa"]
[Black "Halkias, S."]
[Result "1/2-1/2"]
[WhiteElo "2531"]
[BlackElo "2583"]
[PlyCount "112"]
[EventDate "2007.02.14"]
[SourceDate "1999.07.01"]

1. d4 Nf6 2. Nf3 e6 3. c4 d5 4. Nc3 Bb4 5. Bg5 Nbd7 6. cxd5 exd5 7. e3 c5 8.
Bd3 Qa5 9. Qc2 c4 10. Bf5 O-O 11. O-O Re8 12. Bxd7 Nxd7 13. a3 Bxc3 14. bxc3
Nb6 15. Nd2 Bd7 16. Bf4 Re6 17. f3 Ba4 18. Qb2 Bc6 19. Qc2 Rae8 20. Rfe1 f6 21.
Nf1 Na4 22. Rac1 Qb6 23. Rb1 Qd8 24. Bg3 Qe7 25. Qc1 b5 26. Bf2 f5 27. Bg3 a6
28. Ra1 Rf8 29. Qd2 h6 30. Kh1 g5 31. Qc2 Be8 32. Be5 f4 33. exf4 gxf4 34. Qd2
Qh4 35. Bxf4 Rxe1 36. Rxe1 Qxf4 37. Qxf4 Rxf4 38. Rxe8+ Rf8 39. Re3 Nb2 40. Re1
Na4 41. Re3 a5 42. Ng3 Nxc3 43. Rxc3 Re8 44. Kg1 b4 45. axb4 axb4 46. Rc1 b3
47. Rb1 c3 48. Rxb3 c2 49. Rc3 Re1+ 50. Kf2 c1=Q 51. Rxc1 Rxc1 52. Nf5 Rc2+ 53.
Kg3 Rd2 54. Ne7+ Kg7 55. Nxd5 Rxd4 56. Ne3 Ra4 1/2-1/2

[Event "Bundesliga 2006-7"]
[Site "Tegernsee GER"]
[Date "2007.02.25"]
[Round "11"]
[White "Gyimesi, Z."]
[Black "Sargissian, G."]
[Result "1/2-1/2"]
[WhiteElo "2611"]
[BlackElo "2658"]
[PlyCount "41"]
[EventDate "2007.01.28"]
[SourceDate "1999.07.01"]

1. d4 Nf6 2. c4 e6 3. Nf3 d5 4. Nc3 Bb4 5. cxd5 exd5 6. Bg5 Nbd7 7. Rc1 c6 8.
a3 Bxc3+ 9. Rxc3 Qb6 10. Rb3 Qc7 11. Nd2 Ne4 12. Nxe4 dxe4 13. Qc2 Qa5+ 14. Bd2
Qd5 15. Rg3 g6 16. h4 Nf6 17. Qc5 h5 18. Rc3 Be6 19. e3 Qxc5 20. Rxc5 Bd5 21.
Be2 1/2-1/2

[Event "Aeroflot Open"]
[Site "Moscow RUS"]
[Date "2007.02.14"]
[Round "1"]
[White "Yakovich, Yur"]
[Black "Sargissian, G."]
[Result "1-0"]
[WhiteElo "2577"]
[BlackElo "2658"]
[PlyCount "97"]
[EventDate "2007.02.14"]
[SourceDate "1999.07.01"]

1. d4 Nf6 2. c4 e6 3. Nf3 d5 4. Nc3 Bb4 5. cxd5 exd5 6. Bg5 Nbd7 7. Qc2 c5 8.
a3 Bxc3+ 9. Qxc3 h6 10. Bxf6 Qxf6 11. e3 O-O 12. Be2 b6 13. O-O a6 14. Rac1 c4
15. Ne5 b5 16. f4 Qd6 17. Bf3 Bb7 18. g4 Rfe8 19. Rce1 Nf8 20. g5 hxg5 21. fxg5
Rxe5 22. dxe5 Qe7 23. h4 Ng6 24. Qd4 Nxe5 25. Bg2 Re8 26. Re2 Qe6 27. Ref2 Re7
28. Rf5 Nd3 29. h5 Ne5 30. h6 Qd6 31. e4 Bc8 32. R5f4 Qg6 33. Qxd5 Qb6+ 34. Kh1
Bb7 35. Qd1 Re6 36. hxg7 Kxg7 37. Rf6 Rxf6 38. gxf6+ Kf8 39. Qh5 Ng6 40. Qh2
Qd8 41. Qg3 Bc6 42. e5 Qd7 43. Re1 Bxg2+ 44. Qxg2 Kg8 45. Kh2 Qf5 46. Kg1 Qd3
47. Re4 Qd1+ 48. Kh2 Qc1 49. Rh4 1-0

[Event "Aeroflot Open"]
[Site "Moscow RUS"]
[Date "2007.02.15"]
[Round "2"]
[White "Moiseenko, A1."]
[Black "Savchenko, B."]
[Result "1/2-1/2"]
[WhiteElo "2627"]
[BlackElo "2562"]
[PlyCount "127"]
[EventDate "2007.02.14"]
[SourceDate "1999.07.01"]

1. d4 Nf6 2. c4 e6 3. Nf3 d5 4. Nc3 Bb4 5. cxd5 exd5 6. Bg5 Nbd7 7. e3 c5 8.
Bd3 c4 9. Bf5 Nb6 10. Bxc8 Rxc8 11. O-O O-O 12. Ne5 Bxc3 13. bxc3 Qd6 14. Bxf6
Qxf6 15. a4 Rc7 16. Qg4 Qe6 17. Qxe6 fxe6 18. Rfb1 Nd7 19. Nxd7 Rxd7 20. Rb5
Rff7 21. Rab1 Kf8 22. f4 Ke8 23. Kf2 Kd8 24. Kf3 Kc8 25. g4 b6 26. h4 Kb7 27.
a5 Rd6 28. e4 Ka6 29. axb6 Rxb6 30. R5b4 Kb7 31. f5 g6 32. exd5 exf5 33. gxf5
Rxf5+ 34. Ke4 Rf8 35. d6 Rxb4 36. Rxb4+ Kc6 37. Rxc4+ Kxd6 38. Ra4 Ra8 39. Ra6+
Kc7 40. d5 Kb7 41. Ra4 a5 42. Kd4 h6 43. c4 g5 44. hxg5 hxg5 45. c5 Kc7 46. Ke5
Re8+ 47. Kf6 Rd8 48. Ke6 Re8+ 49. Kf6 Rd8 50. d6+ Kc6 51. Rxa5 g4 52. Ke7 Rh8
53. Ra6+ Kb5 54. Ra1 Kc6 55. Rd1 Rh7+ 56. Ke6 Rh8 57. d7 Kc7 58. c6 g3 59. Rd2
Rh6+ 60. Kf7 Rh8 61. Ke7 Rh7+ 62. Kf6 Rh8 63. Re2 Kxc6 64. Rg2 1/2-1/2

[Event "Aeroflot Open"]
[Site "Moscow RUS"]
[Date "2007.02.17"]
[Round "4"]
[White "Harikrishna, P."]
[Black "Savchenko, B."]
[Result "1/2-1/2"]
[WhiteElo "2673"]
[BlackElo "2562"]
[PlyCount "118"]
[EventDate "2007.02.14"]
[SourceDate "1999.07.01"]

1. d4 Nf6 2. Nf3 e6 3. c4 d5 4. Nc3 Bb4 5. cxd5 exd5 6. Bg5 Nbd7 7. e3 c5 8.
Bd3 c4 9. Bc2 Qa5 10. O-O Bxc3 11. bxc3 Qxc3 12. Rc1 Qa5 13. Ne5 O-O 14. Nxd7
Nxd7 15. Be7 Re8 16. Qh5 Nf8 17. Bxf8 g6 18. Bb4 Qxb4 19. Qxd5 Be6 20. Qg5 Qe7
21. Qxe7 Rxe7 22. Rb1 Bd5 23. a4 Rd8 24. Rfc1 f5 25. Rb5 Bc6 26. Rc5 f4 27. Rd1
fxe3 28. fxe3 Bd5 29. Kf2 Rf8+ 30. Ke2 Bxg2 31. Rg1 Bf3+ 32. Kd2 Bc6 33. d5
Rf2+ 34. Kc3 Bxd5 35. Rxd5 Rxe3+ 36. Kb2 Rxh2 37. Rd8+ Kf7 38. Rd7+ Re7 39.
Rf1+ Ke8 40. Rd4 g5 41. Rxc4 h5 42. Kc3 Re3+ 43. Kb4 g4 44. Rc7 Re7 45. Rc8+
Kd7 46. Bf5+ Kd6 47. Rd8+ Ke5 48. Re1+ Kf6 49. Rd6+ Kxf5 50. Rxe7 g3 51. Kc3 g2
52. Rf7+ Ke5 53. Rg6 h4 54. Rxb7 h3 55. Rxa7 Rh1 56. Ra5+ Ke4 57. Rh5 g1=Q 58.
Rxg1 Rxg1 59. Rxh3 Ke5 1/2-1/2

[Event "Open"]
[Site "Moscow RUS"]
[Date "2007.02.03"]
[Round "8"]
[White "Najer, E."]
[Black "Smirnov, P."]
[Result "1/2-1/2"]
[WhiteElo "2605"]
[BlackElo "2621"]
[PlyCount "36"]
[EventDate "2007.01.27"]
[SourceDate "1999.07.01"]

1. d4 Nf6 2. c4 e6 3. Nf3 d5 4. Nc3 Bb4 5. Bg5 Nbd7 6. e3 c5 7. cxd5 exd5 8.
Qc2 Qa5 9. Bd3 c4 10. Bf5 O-O 11. O-O Re8 12. Nd2 g6 13. Bh3 Bxc3 14. Qxc3 Qxc3
15. bxc3 Ne4 16. Nxe4 dxe4 17. Bxd7 Bxd7 18. a4 a6 1/2-1/2

[Event "Corus B"]
[Site "Wijk aan Zee NED"]
[Date "2007.01.28"]
[Round "13"]
[White "L'Ami, E."]
[Black "Sargissian, G."]
[Result "1/2-1/2"]
[WhiteElo "2594"]
[BlackElo "2658"]
[PlyCount "81"]
[EventDate "2007.01.13"]
[SourceDate "1999.07.01"]

1. d4 Nf6 2. c4 e6 3. Nf3 d5 4. Nc3 Bb4 5. Bg5 Nbd7 6. cxd5 exd5 7. Qc2 c5 8.
dxc5 h6 9. Bd2 Bxc5 10. e3 O-O 11. Bd3 a6 12. O-O b5 13. Ne2 Bb7 14. Ng3 Rc8
15. Qb1 Re8 16. Rc1 Ne4 17. Be1 Nxg3 18. hxg3 Rxe3 19. b4 Rxf3 20. bxc5 Rf6 21.
a4 Nxc5 22. axb5 axb5 23. Bh7+ Kh8 24. Bf5 Ne6 25. Rxc8 Qxc8 26. Bxe6 Rxe6 27.
Qxb5 d4 28. Bd2 Bc6 29. Qb4 Qd7 30. Re1 Rf6 31. f3 Kh7 32. Re7 Qd8 33. Re5 d3
34. g4 Rd6 35. Qf4 f6 36. Re3 Qd7 37. Re1 Bb7 38. Rc1 Bd5 39. Bb4 Rb6 40. Qd4
Rb7 41. Qxd3+ 1/2-1/2

[Event "GM"]
[Site "Geneve SUI"]
[Date "2007.01.22"]
[Round "3"]
[White "Khenkin, I."]
[Black "Maze, S."]
[Result "1-0"]
[WhiteElo "2611"]
[BlackElo "2506"]
[PlyCount "71"]
[EventDate "2007.01.20"]
[SourceDate "1999.07.01"]

1. d4 d5 2. Nf3 Nf6 3. c4 e6 4. Nc3 Bb4 5. cxd5 exd5 6. Bg5 O-O 7. Rc1 Nbd7 8.
e3 c5 9. dxc5 Qa5 10. a3 Bxc3+ 11. Rxc3 Ne4 12. b4 Nxc3 13. Qa1 Qa4 14. Qxc3 a5
15. b5 b6 16. c6 Nc5 17. Bd3 Qg4 18. O-O Nxd3 19. Qxd3 Bf5 20. Qe2 Be4 21. Bf4
d4 22. Bg3 d3 23. Qd2 Bxf3 24. gxf3 Qc4 25. Rc1 Qxb5 26. c7 Rac8 27. Rc3 h6 28.
Rxd3 Qc6 29. Rd8 Re8 30. Kg2 Qf6 31. Rd6 Re6 32. Rd8+ Re8 33. Rd6 Re6 34. Rd5
Kh7 35. Rd8 Re8 36. Rxe8 1-0

[Event "ch-BLR"]
[Site "Minsk BLR"]
[Date "2007.01.14"]
[Round "5"]
[White "Tihonov, J."]
[Black "Zhigalko, A."]
[Result "1/2-1/2"]
[WhiteElo "2501"]
[BlackElo "2538"]
[PlyCount "131"]
[EventDate "2007.01.10"]
[SourceDate "1999.07.01"]

1. d4 Nf6 2. Nf3 e6 3. c4 d5 4. Nc3 Bb4 5. cxd5 exd5 6. Bg5 O-O 7. Rc1 Nbd7 8.
a3 Be7 9. e3 c6 10. Bd3 Re8 11. O-O Nf8 12. Qc2 Ne4 13. Bf4 Nxc3 14. Qxc3 Ng6
15. Bg3 Nh4 16. Bxh4 Bxh4 17. b4 Re6 18. Ne5 Be7 19. b5 f6 20. Nf3 cxb5 21.
Bxb5 Rb6 22. Bd3 Be6 23. Qc2 g6 24. Qa4 Bd7 25. Qa5 Bc6 26. Nd2 Rb2 27. Qc3 Ra2
28. Ra1 Rxa1 29. Rxa1 Rc8 30. Rc1 Bd7 31. Qb2 Qa5 32. Rxc8+ Bxc8 33. Qc1 Bd7
34. Nb1 Kf7 35. h4 Bd6 36. g3 Bb5 37. Bxb5 Qxb5 38. Qc2 Qc4 39. Qb2 b5 40. Nd2
Qa4 41. Qc3 Bxa3 42. Qc6 Qd1+ 43. Nf1 Qb3 44. Nd2 Qa2 45. Nf3 Qc4 46. Qd7+ Be7
47. g4 b4 48. g5 Qa6 49. gxf6 Qxf6 50. Qxd5+ Kg7 51. Ne5 Qxh4 52. Kf1 Qh3+ 53.
Ke2 Qf5 54. Qb7 Qe6 55. Qxa7 h5 56. f4 Kf6 57. Qb7 h4 58. d5 Qf5 59. Qc6+ Kg7
60. Qc7 Qf6 61. Nc6 h3 62. Nxe7 Qb2+ 63. Kf1 Qb1+ 64. Kf2 Qb2+ 65. Kf1 Qb1+ 66.
Kf2 1/2-1/2

[Event "ch-BLR"]
[Site "Minsk BLR"]
[Date "2007.01.19"]
[Round "10"]
[White "Maiorov, N."]
[Black "Aleksandrov, A."]
[Result "0-1"]
[WhiteElo "2516"]
[BlackElo "2601"]
[PlyCount "148"]
[EventDate "2007.01.10"]
[SourceDate "1999.07.01"]

1. d4 d5 2. c4 e6 3. Nf3 Nf6 4. Nc3 Bb4 5. cxd5 exd5 6. Qa4+ Nc6 7. Bg5 h6 8.
Bxf6 Qxf6 9. e3 O-O 10. Be2 Be6 11. O-O a6 12. Rfc1 Bd6 13. Qd1 Ne7 14. a3 b6
15. Qf1 Bg4 16. b4 c6 17. Na4 Rfb8 18. h3 Bf5 19. Qe1 g5 20. Nb2 h5 21. Nd3 g4
22. hxg4 Bxd3 23. Bxd3 hxg4 24. Nd2 a5 25. bxa5 Rxa5 26. a4 Rba8 27. g3 Kg7 28.
Qe2 Qg5 29. Bc2 Qh5 30. Qd3 Rh8 31. Kf1 Bxg3 32. Ke2 Bxf2 33. Rh1 Bh4 34. Rag1
g3+ 35. Nf3 Qg4 36. Qa3 c5 37. Qc3 Rh6 38. Qe1 Kf8 39. Qf1 cxd4 40. Qh3 d3+ 41.
Bxd3 Rxa4 42. Qxg4 Rxg4 43. Rxh4 Rhxh4 44. Nxh4 Rxh4 45. Rxg3 Rh2+ 46. Kf3 Nc6
47. Rg5 Nb4 48. Bb5 Ke7 49. Rg4 Nc2 50. Rg8 Rh3+ 51. Kf4 Rh4+ 52. Kg5 Rh2 53.
Re8+ Kd6 54. Bd3 Rg2+ 55. Kf6 Rf2+ 56. Bf5 d4 57. Rd8+ Kc5 58. e4 Ne3 59. Ke5
Nc4+ 60. Kf6 Nd6 61. Ke5 Nb5 62. Rd5+ Kc4 63. Rd7 d3 64. Rxf7 d2 65. Rd7 Nc3
66. Be6+ Kb4 67. Bg4 b5 68. Ke6 Rf4 69. e5 Rxg4 70. Rxd2 Kc4 71. Kf5 Rd4 72.
Rc2 Rd1 73. e6 Re1 74. Rd2 b4 0-1

[Event "1st WMSG Blitz Ind"]
[Site "Beijing CHN"]
[Date "2008.10.04"]
[Round "1"]
[White "Nguyen Ngoc Truong Son"]
[Black "Zhang Zhong"]
[Result "1-0"]
[WhiteElo "2567"]
[BlackElo "2649"]
[PlyCount "68"]
[EventDate "2008.10.04"]
[SourceDate "1999.07.01"]

1. Nf3 Nf6 2. d4 e6 3. c4 d5 4. Nc3 Bb4 5. Bg5 h6 6. Bxf6 Qxf6 7. e3 O-O 8. a3
Bxa3 9. bxa3 c5 10. cxd5 exd5 11. Be2 Be6 12. O-O Nd7 13. a4 Rfc8 14. Qb3 Rc7
15. Ra2 Rac8 16. h3 Qe7 17. a5 Qd6 18. Qa3 Bf5 19. Rb2 Be4 20. Nd2 Bf5 21. Nf3
Qf6 22. Qa2 Qd6 23. Qa3 Qe6 24. dxc5 Nxc5 25. Nd4 Qg6 26. Nxf5 Qxf5 27. Bg4 Qd3
28. Bxc8 Rxc8 29. Qb4 Qg6 30. Qd4 Qc6 31. Rfb1 Rc7 32. Rb5 Rc8 33. Qc4 Qd7 34.
Rxc5 Ra8 1-0

[Event "1st WMSG Blitz Ind"]
[Site "Beijing CHN"]
[Date "2008.10.04"]
[Round "4"]
[White "Adianto, U."]
[Black "Drozdovskij, Y."]
[Result "0-1"]
[WhiteElo "2554"]
[BlackElo "2587"]
[PlyCount "62"]
[EventDate "2008.10.04"]
[SourceDate "1999.07.01"]

1. d4 Nf6 2. c4 e6 3. Nf3 d5 4. Nc3 Bb4 5. Qb3 c5 6. dxc5 Nc6 7. e3 O-O 8. Bd2
Bxc5 9. Qc2 Qe7 10. a3 Bd6 11. Be2 dxc4 12. Bxc4 b6 13. O-O Bb7 14. e4 Rac8 15.
Bd3 Rfd8 16. Bg5 Ne5 17. Nxe5 Bxe5 18. Rfe1 Bxh2+ 19. Kh1 Be5 20. f4 Bxc3 21.
bxc3 h6 22. Bh4 Qd6 23. Re3 Qxf4 24. Rh3 Bxe4 25. Bxf6 Bxd3 26. Rxd3 Rxd3 27.
Qxd3 Qxf6 28. Rc1 Rd8 29. Qe4 Qe7 30. a4 Rd5 31. g3 Qg5 0-1

[Event "1st WMSG Blitz Ind"]
[Site "Beijing CHN"]
[Date "2008.10.04"]
[Round "7"]
[White "Banikas, H."]
[Black "Drozdovskij, Y."]
[Result "1-0"]
[WhiteElo "2572"]
[BlackElo "2587"]
[PlyCount "149"]
[EventDate "2008.10.04"]
[SourceDate "1999.07.01"]

1. d4 Nf6 2. c4 e6 3. Nf3 d5 4. Nc3 Bb4 5. Bg5 h6 6. Bxf6 Qxf6 7. Qa4+ Nc6 8.
e3 O-O 9. Rc1 a6 10. Qc2 Rd8 11. a3 Bf8 12. b4 dxc4 13. Bxc4 e5 14. Nd5 Qd6 15.
dxe5 Nxe5 16. Nxe5 Qxe5 17. Nf4 Bd6 18. Qg6 Qf5 19. Qxf5 Bxf5 20. O-O a5 21.
Nd5 axb4 22. axb4 c6 23. Nb6 Ra3 24. Be2 Bxb4 25. g4 Be4 26. Rc4 Ba5 27. Rxe4
Bxb6 28. Rb1 Bc5 29. Rxb7 Ra7 30. Rxa7 Bxa7 31. Re7 Bc5 32. Rc7 Rd6 33. Bc4 Rf6
34. Kg2 g5 35. Bb3 Kg7 36. Ba4 Bb4 37. Bxc6 Ba5 38. Rc8 Be1 39. Bf3 Rd6 40. Rc1
Ba5 41. Rc5 Bb4 42. Rb5 Be1 43. Kf1 Bc3 44. Bd5 Rd7 45. Ke2 Bf6 46. h3 Rc7 47.
Kf3 Bc3 48. Ke2 Bf6 49. Kd3 Ra7 50. Ke4 Re7+ 51. Kd3 Ra7 52. f4 Ra3+ 53. Bb3
Ra7 54. Ke4 Rc7 55. Kf5 Rc3 56. Rb7 Rc5+ 57. Ke4 gxf4 58. exf4 Rc3 59. Rxf7+
Kg6 60. Rb7 Bd8 61. Bf7+ Kf6 62. h4 Rc7 63. Rxc7 Bxc7 64. Bd5 Kg7 65. Kf5 Bd8
66. g5 hxg5 67. fxg5 Bb6 68. h5 Be3 69. h6+ Kh7 70. Be4 Kg8 71. Kg4 Kf7 72. Kh5
Bd2 73. g6+ Kg8 74. Bd5+ Kf8 75. g7+ 1-0

[Event "1st WMSG Blitz Ind"]
[Site "Beijing CHN"]
[Date "2008.10.04"]
[Round "7"]
[White "Nguyen Ngoc Truong Son"]
[Black "Socko, B."]
[Result "1-0"]
[WhiteElo "2567"]
[BlackElo "2631"]
[PlyCount "41"]
[EventDate "2008.10.04"]
[SourceDate "1999.07.01"]

1. Nf3 Nf6 2. c4 e6 3. Nc3 d5 4. d4 Bb4 5. Bg5 O-O 6. e3 c5 7. Bxf6 Qxf6 8.
cxd5 exd5 9. Be2 Nc6 10. O-O Be6 11. dxc5 Bxc3 12. bxc3 Qxc3 13. Rc1 Qa5 14.
Qc2 Rac8 15. Ng5 g6 16. Qb2 Rc7 17. Qf6 Re8 18. h4 h6 19. h5 hxg5 20. h6 Kf8
21. h7 1-0

[Event "1st WMSG Rapid Ind"]
[Site "Beijing CHN"]
[Date "2008.10.07"]
[Round "8"]
[White "Azmaiparashvili, Z."]
[Black "Socko, B."]
[Result "1-0"]
[WhiteElo "2626"]
[BlackElo "2631"]
[PlyCount "49"]
[EventDate "2008.10.05"]
[SourceDate "1999.07.01"]

1. d4 Nf6 2. c4 e6 3. Nf3 d5 4. Nc3 Bb4 5. Bg5 O-O 6. cxd5 exd5 7. Qc2 Bg4 8.
Ne5 Bh5 9. e3 c5 10. Bd3 h6 11. Bxf6 Qxf6 12. O-O Bxc3 13. bxc3 Qd6 14. Bh7+
Kh8 15. Qf5 Qe6 16. Qxe6 fxe6 17. Bg6 Be2 18. Rfe1 Ba6 19. Bf7 Kh7 20. Bxe6 Nc6
21. Nd7 Rfe8 22. Nxc5 Bc4 23. Bf5+ g6 24. Bd7 Re7 25. Bxc6 1-0

[Event "1st WMSG Rapid Pair"]
[Site "Beijing CHN"]
[Date "2008.10.10"]
[Round "4"]
[White "Dao Thien Hai"]
[Black "Socko, B."]
[Result "1/2-1/2"]
[WhiteElo "2510"]
[BlackElo "2631"]
[PlyCount "72"]
[EventDate "2008.10.09"]
[SourceDate "1999.07.01"]

1. d4 Nf6 2. c4 e6 3. Nf3 d5 4. Nc3 Bb4 5. Bg5 O-O 6. Rc1 c5 7. cxd5 exd5 8. e3
Nbd7 9. Bd3 c4 10. Bb1 Bxc3+ 11. bxc3 Qa5 12. O-O Ne4 13. Bh4 Nb6 14. Ng5 Nxg5
15. Bxg5 f5 16. f3 Bd7 17. Bf4 Rae8 18. h3 Qa3 19. Qe1 Na4 20. Kh2 Rf7 21. Be5
b5 22. Rf2 a5 23. Rfc2 b4 24. e4 fxe4 25. fxe4 Nxc3 26. Rxc3 bxc3 27. Rxc3 Qb4
28. exd5 Bf5 29. Bxf5 Rxf5 30. a3 Qd6 31. Qg3 Rfxe5 32. dxe5 Qxd5 33. Re3 Re6
34. Qe1 Qd4 35. Re4 Qd3 36. Re3 Qd4 1/2-1/2

[Event "1st WMSG Blitz Team KO"]
[Site "Beijing CHN"]
[Date "2008.10.14"]
[Round "1.1"]
[White "Gyimesi, Z."]
[Black "Drozdovskij, Y."]
[Result "1/2-1/2"]
[WhiteElo "2592"]
[BlackElo "2587"]
[PlyCount "103"]
[EventDate "2008.10.13"]
[SourceDate "1999.07.01"]

1. d4 Nf6 2. c4 e6 3. Nf3 d5 4. Nc3 Bb4 5. cxd5 exd5 6. Bg5 h6 7. Bh4 g5 8. Bg3
Ne4 9. Nd2 Nxg3 10. hxg3 c6 11. e3 Be6 12. Bd3 Nd7 13. Qb3 Qb6 14. Rc1 O-O-O
15. a3 Bd6 16. Na4 Qxb3 17. Nxb3 Kb8 18. Nac5 Nxc5 19. Nxc5 Bc8 20. Ke2 h5 21.
b4 h4 22. gxh4 gxh4 23. Kd2 Rdg8 24. Bf1 Rh6 25. Nd3 Bf5 26. Rb1 Be7 27. g3
Rgh8 28. gxh4 Rxh4 29. Rxh4 Rxh4 30. Be2 Rh2 31. Rf1 Bh4 32. f3 Kc7 33. Rg1 Bf6
34. Nf4 Kd6 35. Rg8 Rh8 36. Rxh8 Bxh8 37. Bd3 Bxd3 38. Nxd3 b6 39. Kc3 Bf6 40.
Nf2 Bh4 41. Ng4 c5 42. bxc5+ bxc5 43. Ne5 Be1+ 44. Kc2 cxd4 45. exd4 f6 46. Ng4
Ke6 47. Kd3 Ba5 48. a4 Bc7 49. Ne3 Bf4 50. Nd1 Bd6 51. Nc3 a6 52. Ne2 1/2-1/2

[Event "1st WMSG Rapid Team"]
[Site "Beijing CHN"]
[Date "2008.10.15"]
[Round "6"]
[White "Ruck, R1."]
[Black "Perelshteyn, E."]
[Result "1-0"]
[WhiteElo "2574"]
[BlackElo "2536"]
[PlyCount "119"]
[EventDate "2008.10.14"]
[SourceDate "1999.07.01"]

1. Nf3 d5 2. d4 Nf6 3. c4 e6 4. Nc3 Bb4 5. Bg5 h6 6. Bxf6 Qxf6 7. e3 O-O 8. Rc1
Nc6 9. cxd5 exd5 10. a3 Bxc3+ 11. Rxc3 Ne7 12. Bd3 c6 13. O-O Bg4 14. h3 Bh5
15. Rb3 Rab8 16. Be2 Bxf3 17. Bxf3 Nf5 18. Be2 Nd6 19. Bd3 Rfe8 20. Rc3 Re6 21.
Qc2 Rbe8 22. b4 a6 23. a4 Qg5 24. b5 axb5 25. axb5 cxb5 26. Qb3 Rd8 27. Rc5 Nc4
28. Bxc4 bxc4 29. Qxb7 Rg6 30. g3 Qf5 31. Kg2 h5 32. Qe7 Rdd6 33. Qe5 Qd7 34.
Qxh5 Rh6 35. Qg4 f5 36. Qf4 Kh7 37. h4 Qf7 38. Ra1 Qh5 39. Ra7 Qg4 40. Qxg4
fxg4 41. Raa5 Rc6 42. Rxd5 c3 43. Ra1 Rc4 44. Rc1 Rhc6 45. Kf1 Rb4 46. Rc5 Rxc5
47. dxc5 Rc4 48. Ke2 Rxc5 49. Kd3 Rf5 50. Rc2 g5 51. hxg5 Kg6 52. Kxc3 Kxg5 53.
Kd3 Rf8 54. e4 Rd8+ 55. Ke3 Rf8 56. Rc5+ Kg6 57. Rf5 Ra8 58. Kf4 Ra4 59. Rg5+
Kf6 60. Rxg4 1-0

[Event "1st WMSG Rapid Team KO"]
[Site "Beijing CHN"]
[Date "2008.10.17"]
[Round "1.1"]
[White "Perelshteyn, E."]
[Black "Drozdovskij, Y."]
[Result "0-1"]
[WhiteElo "2536"]
[BlackElo "2587"]
[PlyCount "73"]
[EventDate "2008.10.14"]
[SourceDate "1999.07.01"]

1. d4 Nf6 2. c4 e6 3. Nf3 d5 4. Nc3 Bb4 5. Bg5 h6 6. Bxf6 Qxf6 7. e3 c5 8. cxd5
exd5 9. Bb5+ Bd7 10. Bxd7+ Nxd7 11. O-O Qc6 12. Qb3 Bxc3 13. Qxc3 c4 14. Qa3 b5
15. b3 a5 16. bxc4 dxc4 17. e4 b4 18. d5 Qd6 19. Qe3 O-O 20. Rfd1 Rfe8 21. Rac1
c3 22. Qd4 Qf4 23. Re1 Nf6 24. e5 Qxd4 25. Nxd4 Nxd5 26. g3 Rac8 27. f4 Rc4 28.
Nf5 Rb8 29. Red1 Nc7 30. Nd6 Rc6 31. Nf5 Kf8 32. Rd7 a4 33. Nd4 Rc4 34. f5 b3
35. axb3 axb3 36. e6 b2 37. Rb1 0-1

[Event "1st WMSG Rapid Team KO"]
[Site "Beijing CHN"]
[Date "2008.10.17"]
[Round "2.2"]
[White "Bu Xiangzhi"]
[Black "Drozdovskij, Y."]
[Result "1-0"]
[WhiteElo "2714"]
[BlackElo "2587"]
[PlyCount "85"]
[EventDate "2008.10.14"]
[SourceDate "1999.07.01"]

1. Nf3 Nf6 2. c4 e6 3. Nc3 d5 4. d4 Bb4 5. Bg5 h6 6. Bxf6 Qxf6 7. e3 c5 8. Rc1
dxc4 9. dxc5 Bxc5 10. Bxc4 O-O 11. O-O Rd8 12. Qc2 Qe7 13. Rfd1 Bd7 14. Be2 Bb6
15. Na4 Bxa4 16. Rxd8+ Qxd8 17. Qxa4 Nc6 18. Ba6 bxa6 19. Qxc6 Rb8 20. g3 Qf6
21. Rc2 Qf5 22. Kg2 Rd8 23. Rd2 Rxd2 24. Nxd2 Qb5 25. Qa8+ Kh7 26. Qe4+ g6 27.
Nc4 Bc7 28. b3 Qc5 29. Nd2 Qd6 30. Nf3 Bb6 31. Qb7 Qc7 32. Qxa6 Qc2 33. Qb7 Kg7
34. Ne5 Qf5 35. Nc4 Bc5 36. h3 Qc2 37. g4 h5 38. Ne5 Bxe3 39. Qxf7+ Kh6 40.
Qf8+ Kh7 41. Qf3 Bd4 42. Qf7+ Kh6 43. Qf4+ 1-0